| 000 | 00312 a2200133 4500 | ||
|---|---|---|---|
| 999 |
_c324940 _d324940 |
||
| 001 | 89867 | ||
| 003 | NUST | ||
| 082 | _a428.007 ATT | ||
| 100 |
_aAttique _99878 |
||
| 245 | _aAap Angrezi bol saktay hain | ||
| 260 |
_aRawalpindi _bRomail House _c2014 |
||
| 300 | _a191p. | ||
| 500 | _aGeneral Books | ||
| 942 |
_aCAE NUST _cBK _k428.007 ATT _2ddc |
||